| 000 | 00705nam a2200205Ia 4500 | ||
|---|---|---|---|
| 003 | GCL | ||
| 005 | 20240530102300.0 | ||
| 008 | 140319s9999 xx 000 0 ara d | ||
| 040 |
_aGCL / _cGCL |
||
| 082 | 0 | 4 |
_a327.114 _bع ا |
| 100 | 1 | _aعزالدين الخيرو | |
| 245 | 1 | 0 |
_aالاطماع الصهيونية فى مياه الاردن والليطانى / _cعزالدين الخيرو |
| 260 |
_aالقاهرة : _bمعهد البحوث والدراسات العربية ، _c1977 |
||
| 300 | _a61 | ||
| 490 |
_aالدراسات الخاصة _v( 3 ) |
||
| 650 | 0 | 4 | _aالنزاع العربى الاسرائيلى |
| 650 | 0 | 4 | _aاسرائيل |
| 650 | 0 | 4 | _aالاردن |
| 942 |
_2ddc _cBK |
||
| 999 |
_c31135 _d31135 |
||